La lengua oral /

Guardado en:
Autor Principal: Ossanna, Norma B. D. De
Formato: Libro
Publicado: Buenos Aires : Kapelusz, 1977
Materias:
Etiquetas: Agregar Etiqueta
Sin Etiquetas, Sea el primero en etiquetar este registro!
LEADER 00605nam a22002175a 4500
001 CEM.cems004801
005 20060217000000.0
008 130507s1977##################000#0#####d
003 CEMS
082 0 4 |a 372.6 
100 1 |a Ossanna, Norma B. D. De 
245 1 0 |a La lengua oral / 
260 |a Buenos Aires :  |b Kapelusz,  |c 1977 
300 |a 62 
653 |a Educacion 
653 |a Educacion primaria 
653 |a Expresion oral 
653 |a Lenguaje 
653 |a Linguistica 
859 |a CEMS  |b BIB. CEMS - 11 de abril  |h 372.6  |i Os2  |p 6765.79  |t Ej.1 
859 |a CEMS  |b BIB. CEMS - 11 de abril  |h 372.6  |i Os2  |p 6782.79  |t Ej.2